Insuficiencia cardiaca severa. (Registro nro. 2216)

Detalles MARC
000 -LEADER
fixed length control field 01656nam a2200373 a 4500
005 - FECHA ULTIMA MODIFICACION
control field 20240412113743.0
008 - CAMPO DE CONTROL (LIBRO)
fixed length control field 101001t1989||||ag a f |||| 001 0 spa d
020 ## - INTERNATIONAL STANDARD BOOK NUMBER
ISBN 9509020192
041 ## - CODIGO DE IDIOMA
Código de idioma del texto/pista de sonido o título separado spa
092 ## - SIGNATURA TOPOGRAFICA DEWEY LOCAL
número de clasificación 616.1
libristica 10
sección CAB
100 1# - ENTRADA PRINCIPAL--NOMBRE PERSONAL
Nombre personal Cabrera Fischer, Edmundo I.
9 (RLIN) 3003
245 ## - TITULO PROPIAMENTE DICHO
Título Insuficiencia cardiaca severa.
Subtítulo y Título paralelo Interpretación y tratamiento. Fundación Favaloro /
Mención de responsabilidad y remanente de la transcripción de la portada Edmundo I. Cabrera Fischer.
250 ## - MENCION DE EDICION
Mención de edición 1a ed.
260 ## - PIE DE IMPRENTA
Lugar de publicación, distribución, etc Buenos Aires:
Nombre de la editorial, distribuidor, etc Akadia;
Fecha de publicación 1989.
300 ## - DESCRIPCION FISICA
Extension 240 p.
Otros detalles físicos il.
500 ## - NOTA GENERAL
Nota general Cabrera Fischer, E. I. et al. (1989). Insuficiencia cardíaca severa. Interpretación y tratamiento. Fundación Favaloro. (1a ed.). Buenos Aires : Akadia.
653 ## - TÉRMINO INDIZADO - PALABRAS CLAVES
Palabra clave Bases fisiológicas de la insuficiencia cardíaca
653 ## - TÉRMINO INDIZADO - PALABRAS CLAVES
Palabra clave Nuevas drogas inotrópicas
653 ## - TÉRMINO INDIZADO - PALABRAS CLAVES
Palabra clave Circulación extracorpórea
653 ## - TÉRMINO INDIZADO - PALABRAS CLAVES
Palabra clave Balón de contrapulsión intraaórtica
653 ## - TÉRMINO INDIZADO - PALABRAS CLAVES
Palabra clave Sistemas de asistencia mecánica circulatoria 1: bomba a rodillo y centrífuga
653 ## - TÉRMINO INDIZADO - PALABRAS CLAVES
Palabra clave Sistemas de asistencia mecánica circulatoria 2: ventrículos artificiales
653 ## - TÉRMINO INDIZADO - PALABRAS CLAVES
Palabra clave Sistema COMDU para la mediación del volumen minuto del corazón artificial
653 ## - TÉRMINO INDIZADO - PALABRAS CLAVES
Palabra clave Asistencia mecánica ventricular izquierda
653 ## - TÉRMINO INDIZADO - PALABRAS CLAVES
Palabra clave Tromboembolismo pulmonar
653 ## - TÉRMINO INDIZADO - PALABRAS CLAVES
Palabra clave Asistencia mecánica ventricular derecha
653 ## - TÉRMINO INDIZADO - PALABRAS CLAVES
Palabra clave Cardiomioplastia
653 ## - TÉRMINO INDIZADO - PALABRAS CLAVES
Palabra clave Experiencia local en cardiomioplastia para el tratamiento de la insuficiencia cardíaca
653 ## - TÉRMINO INDIZADO - PALABRAS CLAVES
Palabra clave Transplante cardíaco
700 1# - ENTRADAS SECUNDARIAS - NOMBRE PERSONAL
Nombre personal Chachques, Juan Carlos
Función Autor
9 (RLIN) 3004
700 1# - ENTRADAS SECUNDARIAS - NOMBRE PERSONAL
Nombre personal Pichel, Ricardo Horacio
Función Autor
9 (RLIN) 3005
700 1# - ENTRADAS SECUNDARIAS - NOMBRE PERSONAL
Nombre personal Favaloro, Rene G.
Función Col.
9 (RLIN) 2612
942 ## - ADDED ENTRY ELEMENTS (KOHA)
Source of classification or shelving scheme Dewey Decimal Classification
Item type Libros
Existencias
Estado de retiro Existencia Fuente de clasificación Estado general No para prestamo Ubicación permanente ubicación actual Sala de ubicación Fecha de adquisición Fuente de adquisición Total Checkouts Número de clasificación Código de barras Date last seen Número de ejemplar Price effective from Koha tipo de elemento (item) Public note
    Dewey Decimal Classification     Biblioteca Medicina Biblioteca Medicina Circulación 22/09/2015 Donación Jaime Novodvoretz, Septiembre 2015   616.1 10 CAB 3549 22/09/2015 Ej.1 22/09/2015 Libros Donación Jaime Novodvoretz, Septiembre 2015

UNIVERSIDAD NACIONAL DEL COMAHUE
Biblioteca de la Facultad de Ciencias Médicas
Sede Toschi: Los Arrayanes y Av. Toschi, Cipolletti  - Rio Negro
Sede Los Tordos:  Yrigoyen al 2211, Cipolletti - Rio Negro 

Teléfono: 0299 - 4774707 int 25
Contacto: biblioteca@facimed.uncoma.edu.ar
© 2011 - 2026